Lecciones de derecho civil / (Registro nro. 24003)

Detalles MARC
000 -LEADER
fixed length control field 00514nam a22001697a 4500
003 - CONTROL NUMBER IDENTIFIER
control field DO-CoUTE
005 - DATE AND TIME OF LATEST TRANSACTION
control field 20251129092632.0
008 - FIXED-LENGTH DATA ELEMENTS--GENERAL INFORMATION
fixed length control field 251129b dr ||||| |||| 00| 0 spa d
040 ## - CATALOGING SOURCE
Original cataloging agency DO-CoUTE
Language of cataloging spa
Transcribing agency DO-CoUTE
082 ## - DEWEY DECIMAL CLASSIFICATION NUMBER
Classification number R 340.56 M456L
100 1# - MAIN ENTRY--PERSONAL NAME
Personal name Mazeaud, Henri
Relator term autor
245 10 - TITLE STATEMENT
Title Lecciones de derecho civil /
Statement of responsibility, etc. Henri Mazeaud, León Mazeaud, Jean Mazeaud
260 ## - PUBLICATION, DISTRIBUTION, ETC.
Place of publication, distribution, etc. Argentina :
Name of publisher, distributor, etc. Jurídicas Europea - América,
Date of publication, distribution, etc. 1965
300 ## - PHYSICAL DESCRIPTION
Extent 639 páginas :
Dimensions 23cm
650 ## - SUBJECT ADDED ENTRY--TOPICAL TERM
Source of heading or term Derecho civil
942 ## - ADDED ENTRY ELEMENTS (KOHA)
Source of classification or shelving scheme Dewey Decimal Classification
Koha item type Libros
Existencias
Withdrawn status Lost status Source of classification or shelving scheme Damaged status Not for loan Collection code Home library Current library Shelving location Date acquired Serial Enumeration / chronology Inventory number Total Checkouts Full call number Barcode Date last seen Copy number Price effective from Koha item type
    Dewey Decimal Classification     Colección General Biblioteca UTECO Biblioteca UTECO En Estantería 11/29/2025 Volumen IV 023568   R 340.56 M456L 023568 11/29/2025 Ej.1 11/29/2025 Libros
© 2021 Derechos Reservados UTECO - Teléfono: +1 809-585-2291 - Correo electrónico: biblioteca@uteco.edu.do​  
Código postal 43000 ​​
Dirección: Avenida Universitaria No. 100, 
Cotuí, Provincia Sánchez Ramírez, República Dominicana - RNC: 404-00059-6